000 01398nam a2200229Ia 4500
003 Ost
005 20260507075012.0
008 260507s9999||||xx |||||||||||||| ||und||
020 _a9957163464
040 _cfsecg
041 _aara
082 _a658.401
100 _aجبرين، علي هادي
_eمؤلف
245 0 _aالاتجاهات والادوات الكمية في الادارة /
_c علي هادي جبرين
260 _aعمان:
_bدار الثقافة للنشر,
_c2008
300 _a368 صفحة؛
_bإيضاحات ؛
_c24 سم
520 _aيتكون الكتاب من أحد عشرة فصلا ،استهلت بالحديث عن أصالة علم الأدوات الكمية و أساليبها و بداية الفصول الاربعة تعالج الإتجاهات و الادوات مفهوما و فكرا.ثم استكمل المؤلف بالإنتقال إاى الجوانب الكمية القرارتية .فقد خصص الفصول (5-10) إلى اتجاهات و أدوات التحليل القويم و تحليل التوافق متعدد الإتجاهات،فضلا عن الفصل الاخيلا الذي خصص لإثارة موضوع اتجاهات نظرية المباريات.
653 _aالإحصاء - المعاملات الإرتباطية
653 _aالإدارة
653 _aالإدارة العلمية
942 _cكتاب
999 _c42168
_d42168